Nis Constantine the Great Airport Destinations 2025 - Statistics

General Stats
  • This quiz has been taken 17 times
  • The average score is 11 of 16
Answer Stats
Airline Answer % Correct
Air Serbia Belgrade
100%
Air Serbia Frankfurt Hahn
92%
Ryanair Vienna
92%
Swiss Zurich
92%
Air Serbia Istanbul
85%
Air Serbia Athens
77%
WizzAir Basel
77%
Air Serbia Cologne
77%
Ryanair Corfu
69%
Air Serbia Ljubljana
69%
WizzAir Bratislava
46%
Ryanair Malta
46%
Air Serbia Tivat
46%
WizzAir Dortmund
38%
WizzAir Memmingen
38%
Ryanair Stockholm
38%
No matching quizzes found
Score Distribution
Percent of People with Each Score
Percentile by Number Answered
Your Score History
You have not taken this quiz